The what and the why of history : (Record no. 6003)
[ view plain ]
| 000 -LEADER | |
|---|---|
| fixed length control field | 00590nam a2200181 4500 |
| 008 - FIXED-LENGTH DATA ELEMENTS--GENERAL INFORMATION | |
| fixed length control field | 020219s1996 na 1 engYA |
| 020 ## - INTERNATIONAL STANDARD BOOK NUMBER | |
| International Standard Book Number | 9004103082 |
| 090 ## - LOCALLY ASSIGNED LC-TYPE CALL NUMBER (OCLC); LOCAL CALL NUMBER (OCLC) | |
| Classification number (OCLC) (R) ; Classification number, CALL (RLIN) (NR) | D18.8 |
| Local cutter number (OCLC) ; Book number/undivided call number, CALL (RLIN) | G57w |
| 100 1# - MAIN ENTRY--PERSONAL NAME | |
| Personal name | Goldstein, Leon J. |
| 245 10 - TITLE STATEMENT | |
| Title | The what and the why of history : |
| Remainder of title | philosophical essays / |
| Statement of responsibility, etc | Leon J. Goldstein. |
| 260 ## - PUBLICATION, DISTRIBUTION, ETC. (IMPRINT) | |
| Place of publication, distribution, etc | Leiden : |
| Name of publisher, distributor, etc | E. J. Brill, |
| Date of publication, distribution, etc | c1996. |
| 300 ## - PHYSICAL DESCRIPTION | |
| Extent | xv, 351 p. |
| 490 1# - SERIES STATEMENT | |
| Series statement | Philosophy of history and culture; |
| Volume number/sequential designation | 16 |
| 504 ## - BIBLIOGRAPHY, ETC. NOTE | |
| Bibliography, etc | Includes index |
| 650 #4 - SUBJECT ADDED ENTRY--TOPICAL TERM | |
| Topical term or geographic name as entry element | History |
| General subdivision | Philosophy. |
| 951 ## - EQUIVALENCE OR CROSS-REFERENCE-GEOGRAPHIC NAME/AREA NAME [OBSOLETE] [CAN/MARC only] | |
| General subdivision | 00010051 |
| 951 ## - EQUIVALENCE OR CROSS-REFERENCE-GEOGRAPHIC NAME/AREA NAME [OBSOLETE] [CAN/MARC only] | |
| -- | 24492 |
| -- | D18.8/G57w |
| -- | 070613111044328 |
| -- | 2000-12-21 |
| -- | REF |
| Withdrawn status | Lost status | Damaged status | Not for loan | Home library | Current library | Shelving location | Date acquired | Accession number | Shelving control number | Total Checkouts | Full call number | Barcode | Date last seen | Price effective from | Koha item type |
|---|---|---|---|---|---|---|---|---|---|---|---|---|---|---|---|
| BSOP Library | BSOP Library | Reference | 12/21/2000 | 24492 | 127 | D18.8/G57w | 00010051 | 02/23/2013 | 02/23/2013 | Books |
